Представление документа в формате MARC21

Поле Инд. ПП Название Значение
Тип записи a
Библиографический уровень b
001 Контрольный номер RU/IS/BASE/259942612
005 Дата корректировки 20201229222406.3
008 Кодируемые данные 20080327
040 b Код языка каталог. rus
e Правила каталог. PSBO
041 0_ a Код языка текста rus
084 a Индекс другой классификации/Индекс ББК 88.32-81; 88.5в6; 88.26-8; 60.524.25
100 1_ a Автор Касумов Т. К.
q Полное имя Касумов Тофик Касумович
245 10 a Заглавие Агрессия как интегральное явление
500 10 a Примечание Окончание. Начало см. в № 3.
504 a Библиография Библиогр.: 20 назв.
520 0_ a Аннотация Автор предпринимает исследование феномена агрессии с позиций "интегрализма" (целостного представления), как особого взаимодействия "психологического" и "социального". В первом разделе статьи рассматривается понятие агрессии и отдельные выдающиеся теории агрессии, разработанные в различных областях знаний (идеи З. Фрейда, Э. Фромма, фрустрационные теории). Во втором разделе выделяются основные составляющие человеческой агрессии: агрессивное действие, агрессивное чувство, рационализм агрессии и агрессиум ("тело" агрессии) - понятие, введенное автором. Подробно рассматриваются формы агрессивных действий. Третий раздел называется: "Как контролировать и управлять агрессией. Вместо заключения"
650 04 a Основная рубрика психология
a Основная рубрика психология личности
a Основная рубрика психология поведения
a Основная рубрика социальная психология
a Основная рубрика социология
653 0_ a Ключевые слова агрессивное деяние
a Ключевые слова агрессивное поведение
a Ключевые слова агрессивное чувство
a Ключевые слова агрессиум
a Ключевые слова агрессия
a Ключевые слова атрибуция
a Ключевые слова месть
a Ключевые слова социальное поведение
a Ключевые слова удовольствие
773 0_ t Заглавие источника Сотис - социальные технологии, исследования
d Дата издания источника 2007
g Прочая информация № 4 - С. 6 - 14
w Контрольный № источника RU/IS/BASE/250693286
901 t Тип документа b